Episodios militares del ejército de Africa / (Record no. 159955)

MARC details
000 -LEADER
campo de control de longitud fija 00737nam a2200205 i 4500
001 - NÚMERO DE CONTROL
campo de control 159955
003 - IDENTIFICADOR DE NÚMERO DE CONTROL
campo de control ES-MaACL
005 - FECHA Y HORA DE LA ÚLTIMA TRANSACCIÓN
campo de control 20230906211907.0
008 - DATOS DE LONGITUD FIJA--INFORMACIÓN GENERAL
campo de control de longitud fija 970609s1893 sp |||| | spa d
040 ## - FUENTE DE CATALOGACIÓN
Centro catalogador/agencia de origen CYL
Lengua de catalogación spa
Centro/agencia transcriptor CYL
100 0# - ENTRADA PRINCIPAL--NOMBRE DE PERSONA
Nombre de persona Monedero Ordoñez, Dionisio.
9 (RLIN) 82160
245 10 - MENCIÓN DEL TÍTULO
Título Episodios militares del ejército de Africa /
Mención de responsabilidad, etc. por D. Dionisio Monedero ; con un prólogo de Ángel Stor.
250 ## - MENCION DE EDICION
Mención de edición 2ª ed.
260 ## - PUBLICACIÓN, DISTRIBUCIÓN, ETC.
Lugar de publicación, distribución, etc. Burgos :
Nombre del editor, distribuidor, etc. Imp. y lib. del Centro católico,
Fecha de publicación, distribución, etc. 1893.
300 ## - DESCRIPCIÓN FÍSICA
Extensión 325 p., [1] fot. ;
Dimensiones 20 cm.
599 ## - NOTA A LAS ILUSTRACIONES
NOTA A LAS ILUSTRACIONES La fot., retrato del autor.
650 04 - PUNTO DE ACCESO ADICIONAL DE MATERIA--TÉRMINO DE MATERIA
Término de materia o nombre geográfico como elemento de entrada Guerra hispano-marroquí, 1859-1860-
Subdivisión de forma Relatos personales.
9 (RLIN) 13210
700 1# - ENTRADA AGREGADA--NOMBRE PERSONAL
Nombre de persona Stor, Angel.
9 (RLIN) 132915
852 ## - LOCALIZACIÓN
Ubicación ES-MaACL
Número de control de estantería G-13466
Nota libre -- Enc. cartón
Holdings
Estatus retirado Estado de pérdida Estado de daño No para préstamo Colección Biblioteca de origen Biblioteca actual Ubicación en estantería Fecha de adquisición Fuente de adquisición Total de préstamos Signatura topográfica completa Código de barras Visto por última vez Precio de reemplazo Tipo de ítem Koha
        Libros del s. XIX Biblioteca del Ateneo de Madrid Biblioteca del Ateneo de Madrid Sala Pecera Planta 3 17/01/2008     G-13466 1167458 23/02/2023 23/02/2023 Libro impreso antiguo